00828cam a22002654a 450000100090000000300040000900500170001300800410003001000170007102000150008802000210010304000180012404200080014205000220015008200120017210000290018424500430021325000120025626000340026830000340030250000510033665000130038785600870040085600750048712546192OSt20170121122513.0010926s2003 mauab 001 0 eng  a 2001052186 a0072347201 a0071199365 (ISE) aDLCcDLCdDLC apcc00aQH308.2 .J62 200300a5702211 aJohnson, George B.d200314aThe living world /cGeorge B. Johnson. a3rd ed. aBoston :bMcGraw-Hill,c2003. axix, 796 p. :bill. ;c29 cm. aincludes bibliographical references and index. 0aBiology.423Publisher descriptionuhttp://www.loc.gov/catdir/description/mh021/2001052186.html413Table of contentsuhttp://www.loc.gov/catdir/toc/mh021/2001052186.html